Veo, veo

Gespeichert in:
Bibliographische Detailangaben
1. Verfasser: Díaz, Inmaculada
Format: Paket Buch
Sprache:Spanisch
Erschienen: Madrid : Santillana Educación, 2009
Katalog:MANES:  Suchergebnis im Bibliothekskatalog
Schulbuchspezifische Eigenschaften:
Schriftenreihe:Mi primera Casa del Saber Mica y sus amigos
Tags: Tag hinzufügen
Keine Tags, Fügen Sie den ersten Tag hinzu!
Hinzugefügt zu:29.09.2010
Geändert in:07.05.2025

MARC

LEADER 00000cam a2200000 i 4500
005 20250507134617.0
007 o||cga |||aa
008 100930s2009 esp 000 1 spa d
040 |a uned  |b spa  |c entro-manes 
100 1 |a Díaz, Inmaculada   |q (Díaz Benítez)  
245 1 0 |a Veo, veo /   |c escrito por Inmaculada Díaz ; dibujado por Javier Botet y David Pareja 
260 |a Madrid :   |b Santillana Educación,   |c 2009 
300 |a 15 p. :   |b il. 
490 0 |a Mi primera Casa del Saber  |a Mica y sus amigos 
546 |a EspañaEscritura y Lectura 
561 |5 es-BUNED  |3 L.T.M. 2861  |a España. Fondo Manes UNED  |k MANES 
691 0 |a IN 
942 |2 ddc  |c BK 
999 |c 98565  |d 98565 
999 |c manes:98565  |d 98565